| 000 | 00497nam a2200169Ia 4500 | ||
|---|---|---|---|
| 003 | LDD | ||
| 008 | 190117s9999 xx 000 0 und d | ||
| 020 | _c₹150 | ||
| 040 | _cLDD | ||
| 041 | _ahi | ||
| 082 | _a8H3.6 प्रे59222प्रे | ||
| 100 | _aप्रेमचंद | ||
| 245 | 0 |
_aप्रेमचंद के विचार 1-3 _cप्रेमचंद |
|
| 260 |
_aदिल्ली _bभारती भाषा _c1989 |
||
| 300 | _aभाग 1 | ||
| 942 |
_2ddc _cH |
||
| 999 |
_c164156 _d164156 |
||